000 00456nam a22001937a 4500
003 MPLRDC
005 20220104114354.0
008 210129b ||||| |||| 00| 0 eng d
020 _a957-560-274-9
082 _a848.2 FPR v.1
100 _a傅佩荣著
245 _a自我的坚持
_c
250 _a初版
260 _a
_b九歌出版社
_c1993
300 _b
490 _a九歌文库;368
650 _a现代别集
942 _cBK
_o848.2 FPR v.1
999 _c6972
_d6962